K'awiil : el dios Maya del rayo, la abundancia y los gobernantes /
This study of K'awiil analyses one of the most important deities of the Maya pantheon, and allows us to approach the religious thought of this people, since it is through the myths, rituals and other religious and cultural activities in which a deity participates, that we can try to understand...
المؤلف الرئيسي:
التنسيق: كتاب الكتروني
اللغة: Spanish
منشور في:
Oxford :
Archaeopress Publishing Ltd,
2022.
سلاسل:
Paris monographs in American archaeology ;
55.
Access archaeology.
الموضوعات:
الوصول للمادة أونلاين: Login to view Source
الوسوم: إضافة وسم
رقم الطلب: F1435.3.R3
| LEADER | 01929nam a2200433 i 4500 | ||
|---|---|---|---|
| 001 | EDZ0002773507 | ||
| 003 | StDuBDS | ||
| 005 | 20230412183246.0 | ||
| 006 | m|||||o||d|||||||| | ||
| 007 | cr ||||||||||| | ||
| 008 | 220419s2022 enk fob 000|0|spa|d | ||
| 020 | |a 9781803272382 (PDF ebook) : |c No price | ||
| 040 | |a StDuBDS |b eng |c StDuBDS |e rda |e pn | ||
| 050 | 4 | |a F1435.3.R3 | |
| 082 | 0 | 4 | |a 299.7842 |2 23 |
| 100 | 1 | |a Valencia Rivera, Rogelio, |e author. | |
| 245 | 1 | 0 | |a K'awiil : |b el dios Maya del rayo, la abundancia y los gobernantes / |c Rogelio Valencia Rivera. |
| 264 | 1 | |a Oxford : |b Archaeopress Publishing Ltd, |c 2022. | |
| 300 | |a 1 online resource. | ||
| 336 | |a text |2 rdacontent | ||
| 337 | |a computer |2 rdamedia | ||
| 338 | |a online resource |2 rdacarrier | ||
| 490 | 1 | |a Paris monographs in American archaeology ; |v 55 | |
| 490 | 1 | |a Access archaeology | |
| 500 | |a Also issued in print: 2022. | ||
| 504 | |a Includes bibliographical references. | ||
| 506 | 0 | |a Open access. | |
| 520 | 8 | |a This study of K'awiil analyses one of the most important deities of the Maya pantheon, and allows us to approach the religious thought of this people, since it is through the myths, rituals and other religious and cultural activities in which a deity participates, that we can try to understand how the Maya conceived their universe. | |
| 521 | |a Specialized. | ||
| 588 | |a Description based on online resource; title from PDF title page (viewed on June 6, 2022). | ||
| 650 | 0 | |a Maya gods. | |
| 650 | 0 | |a Maya mythology. | |
| 776 | 0 | 8 | |i Print version : |z 9781803272375 |
| 830 | 0 | |a Paris monographs in American archaeology ; |v 55. | |
| 830 | 0 | |a Access archaeology. | |
| 856 | 4 | 0 | |3 Archaeopress |u http://library.arce.org:8087/Archaeopress/Products/9781803272375 |
| 942 | |2 lcc |c EBOOK | ||
| 952 | |0 0 |1 0 |4 0 |6 F14353 R3 |7 1 |9 46915 |a ARCH |b ARCH |d 2023-04-12 |l 0 |o F1435.3.R3 |r 2023-04-12 00:00:00 |w 2023-04-12 |y EBOOK | ||
| 999 | |c 52573 |d 52573 | ||
